Conceptual Foundations of Business Research
Enregistré dans:
| Auteur principal: | |
|---|---|
| Format: | Livre |
| Langue: | anglais |
| Publié: |
New York
Wiley
1965
|
| Édition: | 1. ed. |
| Sujets: | |
| Tags: |
Pas de tags, Soyez le premier à ajouter un tag!
|
MARC
| LEADER | 00000nam a2200000 4500 | ||
|---|---|---|---|
| 001 | c001046 | ||
| 005 | 20221220103142.3 | ||
| 041 | 0 | |a eng | |
| 044 | |a US | ||
| 245 | 1 | 0 | |a Conceptual Foundations of Business Research |c Paul H. Rigby |
| 250 | |a 1. ed. | ||
| 264 | 1 | |a New York |b Wiley |c 1965 | |
| 300 | |a 215 s. | ||
| 610 | 2 | 0 | |a podnik |
| 610 | 2 | 0 | |a výskum podnikový |
| 610 | 2 | 0 | |a práca vedecká |
| 610 | 2 | 0 | |a rozhodovanie |
| 610 | 2 | 0 | |a výskum základný |
| 610 | 2 | 0 | |a plánovanie |
| 610 | 2 | 0 | |a modely |
| 610 | 2 | 0 | |a zber dát |
| 610 | 2 | 0 | |a pojmy |
| 610 | 2 | 0 | |a práca výskumná |
| 610 | 2 | 0 | |a koncepcie |
| 100 | 1 | |a Rigby, Paul H. | |